[Event "Naleczow"]
[Site "Naleczow"]
[Date "1979.??.??"]
[Round "13"]
[White "Jamroz, Zbigniew"]
[Black "Vogt, Lothar"]
[Result "1/2-1/2"]
[WhiteElo "2345"]
[BlackElo "2500"]

1.d4 Nf6 2.c4 d6 3.Nc3 Nbd7 4.e4 e5 5.Nf3 g6 6.Be2 Bg7 7.O-O O-O 8.Qc2 c6
9.Rd1 Qe7 10.d5 c5 11.Rb1 Nh5 12.g3 b6 13.a3 Nhf6 14.b4 Ne8 15.Nh4 Bf6 16.Nf3 Qd8
17.Bh6 Ng7 18.Qd2 Be7 19.Nb5 Nf6 20.Nc3 Ng4 21.bxc5 bxc5 22.h4 f5 23.Bxg7 Kxg7
24.Ng5 Bxg5 25.Qxg5 Nf6 26.exf5 Bxf5 27.Rb7+ Rf7 28.Rxf7+ Kxf7 29.Bd3 Bxd3
30.Rxd3 Kg7 31.Kg2 Rb8 32.Rf3  1/2-1/2

[Event "Naleczow"]
[Site "Naleczow"]
[Date "1979.??.??"]
[Round "17"]
[White "Espig, Lutz"]
[Black "Vogt, Lothar"]
[Result "1/2-1/2"]
[WhiteElo "2450"]
[BlackElo "2500"]

1.c4 g6 2.Nc3 Bg7 3.Nf3 Nf6 4.e4 d6 5.d4 O-O 6.Be2 e5 7.d5 a5 8.O-O Na6 9.Qc2 Bd7
10.Rd1 Nc5 11.Be3 Ng4 12.Bg5 f6 13.Bd2 Nh6 14.b3 Nf7  1/2-1/2

[Event "Marshall op"]
[Site "New York"]
[Date "1979.??.??"]
[Round "3"]
[White "Meyer, J."]
[Black "Ostojic, Predrag"]
[Result "1/2-1/2"]
[WhiteElo "2365"]
[BlackElo "2410"]

1.d4 g6 2.c4 Bg7 3.Nc3 d6 4.e4 Nd7 5.Be2 e5 6.Nf3 Ngf6 7.O-O O-O 8.Be3 Ng4
9.Bg5 f6 10.Bc1 Nh6 11.Be3 Nf7 12.Qb3 f5 13.dxe5 dxe5 14.Rad1 f4 15.Bc1 c6
16.Qa3 Re8 17.c5 Qe7 18.b4 Nf8 19.Bc4 Be6 20.Qb3 g5 21.h3 h5 22.Nd5 cxd5
23.exd5 Bd7 24.d6 Qf6 25.Nxg5 Ne6 26.Nxf7 Kxf7 27.Qf3 Kg6 28.Qxb7 Ba4 29.d7 Reb8
30.Qe4+ Qf5 31.Bd3 Qxe4 32.Bxe4+ Kf6 33.Rd2 a5 34.Bxa8 Rxa8 35.bxa5 Nd4 36.Bb2 Ke6
37.Re1 Kxd7 38.Rxe5 Bxe5 39.Bxd4 Bc7 40.Be5+ Kc6 41.Bxc7 Kxc7 42.Rd4 Rxa5
43.Rxf4 Bd7 44.Kh2 Rxc5 45.Kg3 Ra5 46.Kh4 Be8 47.a4 Bxa4 48.Rd4 Bd7 49.f4 Kd8
50.Re4 Bc6 51.Re2 Rf5 52.g3 Kd7 53.Rd2+ Ke7 54.Rd4 Bd7 55.g4 hxg4 56.hxg4 Ra5
57.f5 Bxf5  1/2-1/2

[Event "Marshall op"]
[Site "New York"]
[Date "1979.??.??"]
[Round "4"]
[White "Formanek, Edward W"]
[Black "Zlotnikov, Mikhail"]
[Result "1-0"]
[WhiteElo "2410"]
[BlackElo "2435"]

1.d4 Nf6 2.c4 g6 3.Nc3 Bg7 4.e4 d6 5.Nf3 O-O 6.Be2 Nbd7 7.O-O e5 8.Be3 Ng4
9.Bg5 f6 10.Bh4 c6 11.dxe5 dxe5 12.Nd2 Nh6 13.b4 a5 14.a3 Nf7 15.Qc2 Qe7
16.c5 b6 17.b5 Qxc5 18.Nb3 Qd6 19.Rfd1 Qc7 20.Nd5 Qa7 21.bxc6 Nb8 22.Bxf6 Bxf6
23.Nxf6+ Kg7 24.Nd5 Na6 25.Rab1 Nc7 26.Nd2 Rb8 27.a4 Be6 28.Nc4 Bxd5 29.exd5 b5
30.Ne3 bxa4 31.Rxb8 Rxb8 32.d6 Ne6 33.Bc4 Nd4 34.Qe4 Qc5 35.Bxf7 Kxf7 36.c7 Rf8
37.Ng4 Ke6 38.Nxe5 Qxe5 39.Qxe5+  1-0

[Event "Marshall op"]
[Site "New York"]
[Date "1979.??.??"]
[Round "6"]
[White "Formanek, Edward W"]
[Black "Meyer, E."]
[Result "0-1"]
[WhiteElo "2410"]
[BlackElo "2360"]

1.d4 Nf6 2.c4 g6 3.Nc3 Bg7 4.e4 d6 5.Nf3 O-O 6.Be2 e5 7.dxe5 dxe5 8.Qxd8 Rxd8
9.Bg5 Re8 10.O-O-O Na6 11.Nxe5 Nc5 12.Bxf6 Bxf6 13.f4 c6 14.b4 Ne6 15.g3 g5
16.Kc2 gxf4 17.Nd7 Nd4+ 18.Rxd4 Bxd4 19.Rd1 Bxc3 20.Kxc3 Bxd7 21.Rxd7 Rxe4
22.Bd3 Re3 23.gxf4 Kf8 24.Kd4 Re7 25.Rd6 Kg7 26.Kc5 Rc8 27.Bf5 b6+ 28.Kd4 c5+
29.Kd5 Rcc7 30.b5 Re2 31.Bd3 Rd2 32.Ke4 Re7+ 33.Kf3 Rxh2  0-1

[Event "Regency Masters A"]
[Site "Ramsgate"]
[Date "1979.??.??"]
[Round "4"]
[White "Boersma, Paulus A"]
[Black "McDonald Ross, Michael"]
[Result "1/2-1/2"]
[WhiteElo "2350"]
[BlackElo "2265"]

1.d4 Nf6 2.c4 d6 3.Nf3 g6 4.Nc3 Nbd7 5.e4 e5 6.Be2 Bg7 7.O-O O-O 8.Qc2 c6
9.d5 c5 10.Ne1 Ne8 11.Nd3 Qe7 12.Be3 f5 13.exf5 gxf5 14.f4 exf4 15.Bxf4 Ne5
16.b3 Ng6 17.Bd2 Nf6 18.Rae1 Ne4 19.Bf3 Bd7 20.Qc1 Bd4+ 21.Kh1 Bxc3 22.Bxc3 Qh4
23.Bxe4 fxe4 24.g3 Rxf1+ 25.Rxf1 Qe7 26.Nf4 Nxf4 27.Qxf4 Bh3 28.Bf6 Qf7 29.Re1 Re8
30.Qh6 e3 31.Qxh3 Qxf6 32.Qg4+ Kh8 33.Qf4 Qc3 34.Re2 Qd4 35.Kg2 b5 36.Qf7 Qe4+
37.Kh3 bxc4 38.bxc4 Qe5 39.Kg2 Qe4+ 40.Qf3 Qe5 41.Qf4  1/2-1/2

[Event "Reggio Emilia"]
[Site "Reggio Emilia"]
[Date "1979.??.??"]
[Round "?"]
[White "Cramling, Dan"]
[Black "Wagman, Stuart"]
[Result "1-0"]
[WhiteElo "2355"]
[BlackElo "2315"]

1.d4 Nf6 2.c4 g6 3.Nc3 Bg7 4.e4 d6 5.Nf3 O-O 6.Be2 e5 7.d5 Nbd7 8.Bg5 h6
9.Bh4 g5 10.Bg3 Nh5 11.h4 g4 12.Nh2 Nxg3 13.fxg3 h5 14.Bd3 f5 15.exf5 Nc5
16.O-O e4 17.Nxe4 Nxd3 18.f6 Ne5 19.fxg7 Rxf1+ 20.Nxf1 Qe7 21.Qb3 b6 22.Ne3 Nd7
23.Ng5 Nc5 24.Qc3 Bd7 25.Rf1 Re8 26.Rf8+ Rxf8 27.gxf8=Q+ Qxf8 28.b4 Nb7 29.Qd3 Qe7
30.Nf5 Qf6 31.Nd4 Qg7 32.Nde6 Bxe6 33.dxe6 Kf8  1-0

[Event "ISL-ch"]
[Site "Reykjavik"]
[Date "1979.??.??"]
[Round "2"]
[White "Halldorsson, Bragi"]
[Black "Jonsson, Johannes G"]
[Result "1/2-1/2"]
[WhiteElo "2250"]
[BlackElo "2310"]

1.d4 Nf6 2.c4 g6 3.Nc3 Bg7 4.e4 d6 5.Be2 O-O 6.Nf3 Nbd7 7.O-O e5 8.Re1 c6
9.h3 exd4 10.Nxd4 Re8 11.Bf1 a5 12.Nf3 Nc5 13.Qc2 Qe7 14.Bg5 h6 15.Bh4 g5
16.e5 dxe5 17.Rxe5 Be6 18.Bg3 Nh5 19.Re3 Nxg3 20.fxg3 Bf5 21.Rxe7 Bxc2 22.Rxe8+ Rxe8
23.Rc1 Bd3 24.g4 Bxf1 25.Kxf1 Nd3 26.Rc2 Nxb2 27.Rxb2 Bxc3 28.Rxb7 Re4 29.Rb3 Rxc4
30.Ke2 Bf6 31.Ne1 Kg7 32.Kd2 Be7 33.Nc2 Ra4 34.a3 Bd6 35.Rc3 c5 36.Kd3 Rf4
37.Ne3 Bf8 38.Rc4 Rf2 39.Ra4 Ra2 40.Rxa5 c4+ 41.Kxc4 Rxa3  1/2-1/2

[Event "Wch U18"]
[Site "Skien"]
[Date "1979.??.??"]
[Round "?"]
[White "Petursson, Margeir"]
[Black "Pasman, Michael"]
[Result "1-0"]
[WhiteElo "2420"]
[BlackElo "2260"]

1.Nf3 g6 2.d4 Bg7 3.c4 d6 4.Nc3 Nd7 5.e4 e5 6.Be2 Ngf6 7.O-O O-O 8.Re1 c6
9.Bf1 exd4 10.Nxd4 Ng4 11.h3 Qb6 12.hxg4 Qxd4 13.Qc2 Nf6 14.Be3 Qe5 15.f3 Bxg4
16.fxg4 Nxg4 17.g3 f5 18.Rad1 Nxe3 19.Rxe3 Qc5 20.Qf2 Bd4 21.Rxd4 Qxd4 22.exf5 gxf5
23.Rf3 Qxf2+ 24.Kxf2 Rae8 25.Bd3 Re5 26.Ne2 c5 27.Nc3 Kg7 28.a4 Kh6 29.g4 f4
30.Rh3+ Kg5 31.Bf5 Rexf5 32.gxf5 h5 33.Kf3 Rh8 34.Ne4+ Kxf5 35.Nxd6+ Ke6
36.Nxb7 Ke5 37.b3 Kd4 38.Na5 Rh6 39.Kxf4 Ra6 40.Nb7 Rb6 41.Nd8 Rd6 42.Rh1 Rb6
43.Rxh5 Rxb3 44.Nc6+ Kc3 45.Rh3+ Kb2 46.Rxb3+ Kxb3 47.Ne5 Kxa4 48.Ke4 Kb3
49.Kd5 a5 50.Nd3  1-0

[Event "Stary Smokovec"]
[Site "Stary Smokovec"]
[Date "1979.??.??"]
[Round "?"]
[White "Moehring, Guenther"]
[Black "Vogt, Lothar"]
[Result "1/2-1/2"]
[WhiteElo "2400"]
[BlackElo "2500"]

1.d4 Nf6 2.c4 g6 3.Nc3 Bg7 4.e4 d6 5.Nf3 O-O 6.Be2 e5 7.dxe5 dxe5 8.Qxd8 Rxd8
9.Nd5 Nxd5 10.cxd5 Nd7  1/2-1/2

[Event "DDR-ch 28th"]
[Site "Suhl"]
[Date "1979.??.??"]
[Round "4"]
[White "Starck, Bodo"]
[Black "Babrikowski, Peter"]
[Result "1-0"]
[WhiteElo "2305"]
[BlackElo "2320"]

1.d4 g6 2.c4 Bg7 3.Nc3 d6 4.e4 Nf6 5.Nf3 O-O 6.Be2 Nbd7 7.O-O e5 8.Re1 Re8
9.d5 a5 10.Bg5 h6 11.Bh4 Nc5 12.Nd2 Bd7 13.f3 b6 14.b3 g5 15.Bf2 Nh5 16.a3 Nf4
17.Qc2 Rf8 18.b4 axb4 19.axb4 Na6 20.Qb3 g4 21.Bf1 Qg5 22.g3 gxf3 23.Nxf3 Qg4
24.Nh4 f5 25.exf5 Bxf5 26.Nxf5 Rxf5 27.Ne4 Rh5 28.Qd1 Nh3+ 29.Kg2 Qg6 30.b5 Rf8
31.bxa6 Nxf2 32.Nxf2 e4 33.Ra2 Rh4 34.Kh1 e3 35.Rxe3 Re4 36.Qe1 Be5 37.a7 Ra8
38.Kg2 Rf4 39.Kh1 Raf8 40.Bd3 Qf7 41.Qe2 Bd4 42.Re7  1-0

[Event "DDR-ch 28th"]
[Site "Suhl"]
[Date "1979.??.??"]
[Round "10"]
[White "Starck, Bodo"]
[Black "Uhlmann, Wolfgang"]
[Result "1/2-1/2"]
[WhiteElo "2305"]
[BlackElo "2530"]

1.d4 Nf6 2.c4 d6 3.Nc3 Nbd7 4.e4 e5 5.Nf3 g6 6.Be2 Bg7 7.O-O O-O 8.Re1 c6
9.d5 c5 10.a3 h6 11.g3 Nh7 12.Nh4 a6 13.b4 Ng5 14.Bf1 a5 15.bxa5 Rxa5 16.Nb5 Nb6
17.a4 Nh3+ 18.Bxh3 Bxh3 19.Bd2 Ra6 20.Qb3 Qd7 21.a5 Rfa8 22.Rab1 Nc8 23.Bc3 Bf6
24.Ng2 Bd8 25.f4 Bxg2 26.Kxg2 exf4 27.Rf1 Bxa5 28.Bb2 Qg4 29.Rf3 fxg3 30.Rbf1 gxh2+
31.Kxh2 Qh4+ 32.Rh3 Qxe4 33.Rxh6 Qe2+ 34.Kg1 Qg4+ 35.Kh2 Qe2+  1/2-1/2

[Event "DDR-ch 28th"]
[Site "Suhl"]
[Date "1979.??.??"]
[Round "14"]
[White "Starck, Bodo"]
[Black "Heinig, Wolfram"]
[Result "0-1"]
[WhiteElo "2305"]
[BlackElo "2300"]

1.d4 Nf6 2.c4 d6 3.Nc3 Nbd7 4.e4 e5 5.Nf3 g6 6.Be2 Bg7 7.O-O O-O 8.Re1 c6
9.b3 exd4 10.Nxd4 Nc5 11.Bf3 a5 12.Bf4 Re8 13.Qd2 Bg4 14.Bxg4 Nxg4 15.Rad1 Ne5
16.Qe3 Qb6 17.Nde2 a4 18.Rxd6 axb3 19.axb3 Qb4 20.Red1 Nxb3 21.Bxe5 Bxe5
22.R6d3 Nc5 23.R3d2 Qxc4 24.f4 Bxc3 25.Qxc3 Qxc3 26.Nxc3 Nxe4 27.Nxe4 Rxe4
28.Rd7 Rxf4 29.Rxb7 Ra2  0-1

[Event "SWE-ch"]
[Site "?"]
[Date "1979.??.??"]
[Round "?"]
[White "Marttala, Thomas"]
[Black "Hammar, Bengt"]
[Result "1/2-1/2"]
[WhiteElo "2200"]
[BlackElo "2385"]

1.Nf3 Nf6 2.c4 g6 3.Nc3 Bg7 4.d4 O-O 5.e4 d6 6.Be2 Nbd7 7.O-O e5 8.Bg5 h6
9.Bh4 exd4 10.Nxd4 Re8 11.f3 a5 12.Qd2 Nc5 13.Bf2 c6 14.Rad1 Qc7 15.Nc2 Bf8
16.Be3 Kh7 17.Kh1 Be6 18.Bd4 Qe7 19.g4 Rad8 20.Qf4 Nfd7 21.Ne3 f6 22.Qg3 Bf7
23.h4 Ne6 24.Kg2 Nxd4 25.Rxd4 Qe5 26.Rfd1 Qxg3+ 27.Kxg3 Nc5 28.f4 Be7 29.Bf3 a4
30.R4d2 Ra8 31.h5 gxh5 32.gxh5 Rg8+ 33.Kh2 Be6 34.Rg1 Rxg1 35.Kxg1 Rg8+ 36.Kh2 Bd8
37.Nf5 Bxf5 38.exf5 Ba5 39.Rxd6 Bxc3 40.bxc3 Kg7 41.Kg3 Re8 42.Kf2 a3 43.Rd4 Kf7
44.Rd1 Re7 45.Rd8 Rd7 46.Rxd7+ Nxd7 47.Ke3 Ke7 48.Kd4 Kd6 49.Bd1 Nc5 50.Ke3  1/2-1/2

[Event "CSR-ch"]
[Site "Trencianske Teplice"]
[Date "1979.??.??"]
[Round "12"]
[White "Ftacnik, Lubomir"]
[Black "Vokac, Marek"]
[Result "1/2-1/2"]
[WhiteElo "2430"]
[BlackElo "2330"]

1.d4 Nf6 2.c4 g6 3.Nc3 Bg7 4.e4 d6 5.Nf3 O-O 6.Be2 e5 7.Be3 Ng4 8.Bg5 f6
9.Bh4 Nd7 10.O-O Nh6 11.b4 g5 12.Bg3 f5 13.exf5 Nxf5 14.dxe5 Nxg3 15.hxg3 Nxe5
16.Rc1 c6 17.Ne4 Nf7 18.Re1 Bf5 19.Bd3 Bg6 20.Bb1 Re8 21.Qb3 a5 22.b5 a4
23.Qa3 d5 24.Rcd1 g4 25.Nh4 Qa5 26.Nxg6 hxg6 27.cxd5 cxd5 28.Qc5 dxe4 29.Rxe4 Qc3
30.Qb6 Rxe4 31.Bxe4 Re8 32.Qxg6 Qf6 33.Qxg4 b6 34.Bd5 a3 35.Bb3 Kf8 36.Rd7 Re1+
37.Kh2 Qh6+ 38.Qh3 Qxh3+ 39.gxh3 Re7 40.Rd3 Ne5 41.Rd8+ Re8 42.Rd6 Nf3+ 43.Kg2 Nd4
44.Bc4 Rc8 45.Bd3 Rc3 46.Bg6 Nxb5 47.Rxb6 Rc5 48.Bd3 Nc3 49.Ra6 Rd5 50.Ra8+ Ke7
51.Bc4 Rd4 52.Ra7+ Kf6 53.Bg8 Nb5 54.Rb7 Rb4 55.h4 Rb2 56.g4 Nd6 57.Rb3 Rxb3
58.Bxb3 Ke5 59.Kf3 Ne4 60.Ke3 Nxf2 61.Kxf2 Kf4 62.Be6 Bf6 63.g5 Be7 64.Bd7 Bd8
65.Kg2 Be7 66.Kh3 Bd8 67.Ba4 Be7 68.Bd1 Bd8 69.Kg2 Be7 70.Kf2 Bd8 71.Bh5 Be7
72.Bf3 Bd8 73.Ke2 Be7  1/2-1/2

[Event "Tirnavia-A"]
[Site "Trnava"]
[Date "1979.??.??"]
[Round "8"]
[White "Moehring, Guenther"]
[Black "Plachetka, Jan"]
[Result "0-1"]
[WhiteElo "2400"]
[BlackElo "2445"]

1.c4 Nf6 2.Nf3 g6 3.Nc3 Bg7 4.e4 d6 5.d4 O-O 6.Be2 Nbd7 7.O-O e5 8.Qc2 c6
9.Be3 Ng4 10.Bg5 f6 11.Bd2 f5 12.exf5 exd4 13.Nxd4 Bxd4 14.Bxg4 Ne5 15.Bh3 Qh4
16.Ne2 Bb6 17.Bf4 Bxf5 18.Bxf5 Rxf5 19.Qb3 Bc5 20.Bg3 Qxc4 21.Qxb7 Raf8 22.Nc3 Nd3
23.Nd1 Nc1 24.Nc3 Nd3 25.Nd1 d5 26.Qb3 Qxb3 27.axb3 Bb6 28.Ne3 Rxf2 29.Bxf2 Nxf2
30.Rae1 Ng4 31.Rf3 Rxf3 32.gxf3 Nxe3 33.Rc1 Nf5+ 34.Kg2 Nd4 35.b4 Kf7 36.Rd1 Nc2  0-1

[Event "Tirnavia-A"]
[Site "Trnava"]
[Date "1979.??.??"]
[Round "11"]
[White "Vilela, Jose Luis"]
[Black "Moehring, Guenther"]
[Result "1/2-1/2"]
[WhiteElo "2460"]
[BlackElo "2400"]

1.c4 Nf6 2.Nc3 d6 3.d4 Nbd7 4.Nf3 g6 5.e4 e5 6.Be2 Bg7 7.O-O O-O 8.Re1 c6
9.Bf1 a5 10.Rb1 exd4 11.Nxd4 Re8 12.Bg5 h6 13.Bf4 Nc5 14.f3 Nh5 15.Be3 Kh7  1/2-1/2

[Event "URS Spartakiad"]
[Site "URS"]
[Date "1979.??.??"]
[Round "?"]
[White "Hermlin, Aarne"]
[Black "Hasanov, Marat"]
[Result "1-0"]
[WhiteElo "2330"]
[BlackElo "2200"]

1.d4 Nf6 2.Nf3 g6 3.c4 Bg7 4.Nc3 O-O 5.e4 d6 6.Be3 e5 7.Be2 Nbd7 8.d5 Ng4
9.Bg5 f6 10.Bh4 Nh6 11.Nd2 a5 12.g4 Nc5 13.f3 Nf7 14.Qc2 Bh6 15.Bf2 Qe7 16.h4 Bd7
17.O-O-O c6 18.Kb1 Na6 19.Na4 Rab8 20.Nb6 Be8 21.Qc3 c5 22.Qxa5 Qd8 23.Nb3 Bf4
24.Bd3 Nh6 25.Bc2 Rf7 26.a3 Nc7 27.Be1 Kh8 28.Nc1 f5 29.g5 Ng8 30.exf5 gxf5
31.Nd3 Be3 32.f4 exf4 33.Bc3+ Rg7 34.Rdf1 Na8 35.Nxa8 b6 36.Bxg7+ Kxg7 37.Qc3+ Bd4
38.Nxf4 Bd7 39.Qh3 b5 40.Bxf5 bxc4 41.Rh2 Bxf5+  1-0

[Event "URS Spartakiad"]
[Site "URS"]
[Date "1979.??.??"]
[Round "?"]
[White "Uusi, Gunnar"]
[Black "Agzamov, Viachesiav"]
[Result "1/2-1/2"]
[WhiteElo "2395"]
[BlackElo "2390"]

1.d4 Nf6 2.c4 g6 3.Nc3 Bg7 4.Nf3 d6 5.e4 O-O 6.Be2 e5 7.d5 Nbd7 8.O-O Nc5
9.Qc2 a5 10.Bg5 h6 11.Be3 b6 12.Nd2 Nh7 13.a3 f5 14.f3 a4 15.Bxc5 bxc5 16.Nxa4 h5
17.Nc3 Bh6 18.Kh1 Bd7 19.b4 Be3 20.Nb3 Qh4 21.g3 Qg5 22.exf5 gxf5 23.bxc5 dxc5
24.Nd1 Bd4 25.f4 Qh6 26.Nxd4 exd4 27.Nf2 Ba4 28.Qd2 Nf6 29.Bd3 Bd7 30.Rfe1 h4
31.gxh4 Qxh4 32.Rg1+ Kf7 33.Rg3 Rh8 34.Rh3 Qxh3 35.Nxh3 Rxh3 36.Bf1 Rh4 37.Ra2 Ne4
38.Qc1 Rah8 39.Kg1 Ba4 40.Rb2 Rg4+ 41.Rg2 Rxg2+ 42.Bxg2 Rb8 43.Qe1 Bc2 44.Bxe4 Bxe4
45.Qa5 Rb1+ 46.Kf2 Rb2+ 47.Kg3 Kg6 48.Qa8 Rg2+ 49.Kh3 Rg4 50.Qg8+ Kh6  1/2-1/2

[Event "URS Spartakiad"]
[Site "URS"]
[Date "1979.??.??"]
[Round "?"]
[White "Fokin, Sergey"]
[Black "Khalafov, Ilgar"]
[Result "1-0"]
[WhiteElo "2200"]
[BlackElo "2200"]

1.d4 Nf6 2.c4 g6 3.Nc3 Bg7 4.e4 d6 5.Be2 O-O 6.Nf3 e5 7.O-O Nbd7 8.Re1 exd4
9.Nxd4 Re8 10.Bf1 a5 11.Ndb5 Nc5 12.f3 Bd7 13.Be3 b6 14.Qc2 Qb8 15.Rad1 Re6
16.Qd2 Qb7 17.Kh1 Rae8 18.Bg5 Re5 19.Bf4 R5e7 20.Qc1 Bc6 21.Nd4 Bd7 22.Bg5 Re5
23.Bf4 R5e7 24.Ndb5 Bc6 25.Kg1 Nh5 26.Be3 Nf6 27.Bd3 Nxd3 28.Rxd3 Nd7 29.Rdd1 Nc5
30.Bd4 Bxd4+ 31.Nxd4 f5 32.Nxc6 Qxc6 33.Nd5 Re6 34.exf5 Rxe1+ 35.Rxe1 Nd3
36.Rxe8+ Qxe8 37.Nf6+ Kf7 38.Nxe8 Nxc1 39.fxg6+ hxg6 40.Nxc7 Nd3 41.Nd5 Nxb2
42.Nxb6 Ke8 43.h4 Kf7 44.Kf2 Ke6 45.Ke3  1-0

[Event "Hoogovens"]
[Site "Wijk aan Zee"]
[Date "1979.??.??"]
[Round "6"]
[White "Sosonko, Gennadi"]
[Black "Garcia, Gildardo"]
[Result "1/2-1/2"]
[WhiteElo "2535"]
[BlackElo "2490"]

1.d4 Nf6 2.c4 d6 3.Nc3 Nbd7 4.e4 e5 5.Nf3 g6 6.Be2 Bg7 7.O-O O-O 8.Re1 c6
9.Bf1 Re8 10.d5 Qc7 11.Rb1 a5 12.a3 a4 13.Nd2 Nc5 14.b4  1/2-1/2

[Event "Baerum"]
[Site "Baerum"]
[Date "1980.??.??"]
[Round "8"]
[White "Bellin, Jana"]
[Black "Westerinen, Heikki MJ"]
[Result "1/2-1/2"]
[WhiteElo "2220"]
[BlackElo "2470"]

1.d4 Nf6 2.c4 g6 3.Nc3 Bg7 4.e4 d6 5.Nf3 O-O 6.Be2 e5 7.dxe5 dxe5 8.Qxd8 Rxd8
9.Bg5 Rf8 10.Nxe5 Nxe4 11.Nxe4 Bxe5 12.Bf6 Nd7 13.Bxe5 Nxe5 14.O-O-O Bf5
15.Nc3 Kg7 16.Rd2 g5 17.f4 gxf4 18.Nd5 Ng6 19.Rf1 Rae8 20.Nxf4 Nxf4 21.Rxf4 Re5
22.Bd3 Be6 23.Re2  1/2-1/2

[Event "Baku"]
[Site "Baku"]
[Date "1980.??.??"]
[Round "11"]
[White "Antoshin, Vladimir S"]
[Black "Martinovic, Slobodan"]
[Result "1-0"]
[WhiteElo "2480"]
[BlackElo "2475"]

1.d4 Nf6 2.c4 g6 3.Nc3 Bg7 4.e4 d6 5.Be2 O-O 6.Nf3 Nbd7 7.O-O e5 8.d5 Nc5
9.Qc2 a5 10.Bg5 h6 11.Be3 Nh5 12.g3 Bh3 13.Rfe1 b6 14.Nd2 f5 15.exf5 Bxf5
16.Nde4 Nf6 17.f3 Ncxe4 18.Nxe4 Nxe4 19.fxe4 Bh3 20.Bf1 Qd7 21.Bxh3 Qxh3
22.Qg2 Qg4 23.h3 Qd7 24.a4 Kh7 25.b3 Bf6 26.Rf1 Bg5 27.Bxg5 hxg5 28.Rxf8 Rxf8
29.Rf1 Rxf1+ 30.Qxf1 Kg7 31.Kg2 g4 32.h4 Qf7 33.Qe2 Qd7 34.Kf2 Qf7+ 35.Ke3 Qd7
36.Kd3 Qc8 37.Kc3 Qd7 38.Kb2 Qc8 39.Ka3 Qd7 40.Qd1 Qc8 41.b4 axb4+ 42.Kxb4 Qd7
43.Qd2 Qf7 44.Qg5 Qf2 45.Kb5 Qc5+ 46.Ka6 Qxc4+ 47.Kb7 Qxe4 48.Qe7+ Kg8 49.Qd8+ Kg7
50.Qxc7+ Kh6 51.Qxd6 Qe3 52.Qf8+ Kh7 53.Qe7+ Kg8 54.d6 Qf3+ 55.Kb8 Qa3 56.Qe6+ Kh7
57.d7 Qf8+ 58.Kc7  1-0

[Event "Baku"]
[Site "Baku"]
[Date "1980.??.??"]
[Round "15"]
[White "Magerramov, Elmar"]
[Black "Lechtynsky, Jiri"]
[Result "1/2-1/2"]
[WhiteElo "2435"]
[BlackElo "2450"]

1.Nf3 Nf6 2.c4 g6 3.Nc3 Bg7 4.e4 d6 5.d4 O-O 6.Be2 e5 7.Be3 Nc6 8.d5 Ne7
9.Nd2 Nd7 10.b4 f5 11.f3 a5 12.bxa5 Rxa5 13.Nb3 Ra8 14.c5 Nf6 15.cxd6 cxd6
16.a4 Bd7 17.O-O Rc8 18.Rc1 fxe4 19.fxe4 Rxc3 20.Rxc3 Nxe4 21.Rxf8+ Bxf8
22.Rc4 Nf6 23.Bg5 b5 24.Rb4 Nexd5 25.Qxd5+ Nxd5 26.Bxd8 Nxb4 27.axb5 Bc8
28.b6 Nc6 29.Bc4+ Kg7 30.Bc7 Kf6 31.Bd5 Bb7 32.Bxc6 Bxc6 33.Na5 Bd5 34.b7 Bxb7
35.Nxb7 Ke6 36.Na5 d5 37.Kf2 d4 38.Nc4  1/2-1/2

[Event "Bayamo"]
[Site "Bayamo"]
[Date "1980.??.??"]
[Round "?"]
[White "Vilela, Jose Luis"]
[Black "Zapata, Alonso"]
[Result "1-0"]
[WhiteElo "2410"]
[BlackElo "2410"]

1.d4 Nf6 2.c4 g6 3.Nc3 Bg7 4.e4 d6 5.Nf3 O-O 6.Be2 e5 7.O-O Nbd7 8.Re1 c6
9.Bf1 a5 10.Rb1 exd4 11.Nxd4 Nc5 12.Bf4 Re8 13.f3 Nh5 14.Be3 Qc7 15.Qd2 Bd7
16.Rbd1 Rad8 17.Kh1 Bc8 18.Qf2 a4 19.Qc2 Qa5 20.Bf2 Bf6 21.Qd2 Be5 22.g3 Qb4
23.Kg2 Ne6 24.Nb1 Qxd2 25.Rxd2 Nhg7 26.Red1 f5 27.Nc3 fxe4 28.Nxe4 Nc5 29.Nxc5 dxc5
30.Nf5 Rxd2 31.Nh6+ Kf8 32.Rxd2 Ne6 33.Ng4 Bg7 34.Ne3 Ng5 35.g4 Ne6 36.Nd1 Bh6
37.Be3 Bxe3 38.Nxe3 Nd4 39.Nc2 Ne6 40.Kg3 Ke7 41.h4 Rd8 42.Rxd8 Kxd8 43.Bd3 Ke7
44.f4 Nc7 45.Ne3 Be6 46.f5 gxf5 47.Nxf5+ Bxf5 48.Bxf5 h6 49.Kf4 Ne8 50.Ke5 Nd6
51.Bd3 Ne8 52.g5 hxg5 53.hxg5 Nd6 54.g6 Ne8 55.Bc2  1-0

[Event "HUN-ch"]
[Site "Budapest"]
[Date "1980.??.??"]
[Round "?"]
[White "Karsa, Laszlo"]
[Black "Pirisi, Gabor"]
[Result "1/2-1/2"]
[WhiteElo "2340"]
[BlackElo "2290"]

1.Nf3 Nf6 2.c4 g6 3.Nc3 Bg7 4.e4 d6 5.d4 O-O 6.Be2 e5 7.Be3 Ng4 8.Bg5 f6
9.Bc1 Nc6 10.h3 Nh6 11.Be3 Nf7 12.O-O Bd7 13.c5 exd4 14.Nxd4 dxc5 15.Nxc6 Bxc6
16.Bxc5 Re8 17.Qb3 Re5 18.Rad1 Qe8 19.Bd4 Re7 20.Bc4 b6 21.Bd5 Rd8 22.f3 Bd7
23.a4 Kh8 24.Nb5 c6 25.Nc7 Qg8 26.Bc4 Bxh3 27.gxh3 Rxc7 28.Bxb6 axb6 29.Bxf7 Qf8
30.Qxb6 Rxd1 31.Rxd1 Qxf7 32.Rd8+ Bf8 33.Rxf8+ Qxf8 34.Qxc7 Qc5+ 35.Kg2 Qg5+
36.Qg3 Qd2+ 37.Qf2 Qg5+ 38.Kh1 Qc1+ 39.Qg1 Qxb2 40.Qc5 h5 41.Qxc6 Kg7 42.Qd7+ Kh6
43.Qd1 Qc3 44.Kg2 Qb2+ 45.Kh1 Qc3 46.Kg2 Qb2+ 47.Kg1 Kg5 48.Qe1 Kf4 49.Qf2 Qa1+
50.Kg2 Qxa4 51.Qd2+ Ke5 52.Qd5+ Kf4 53.Qd6+ Ke3 54.Kg3 Qd4 55.Qa3+ Ke2 56.Qa2+  1/2-1/2

[Event "Capablanca mem-B"]
[Site "Cienfuegos"]
[Date "1980.??.??"]
[Round "?"]
[White "Pfleger, Helmut"]
[Black "Fernandez Garcia, Jose L"]
[Result "1-0"]
[WhiteElo "2525"]
[BlackElo "2390"]

1.d4 Nf6 2.c4 g6 3.Nc3 Bg7 4.e4 d6 5.Nf3 O-O 6.Be2 e5 7.O-O Nbd7 8.d5 Nc5
9.Qc2 a5 10.Ne1 Ne8 11.Nd3 b6 12.f4 exf4 13.Nxc5 bxc5 14.Bxf4 Qe7 15.Bd3 Be5
16.Qd2 Bd7 17.Rf3 Ng7 18.Raf1 f5 19.Bg5 Bf6 20.Bxf6 Qxf6 21.Qf2 Rae8 22.Nb5 Bxb5
23.cxb5 Qd4 24.Qxd4 cxd4 25.exf5 Nxf5 26.Rc1 Re7 27.Rc4 Ne3 28.Rxd4 Nd1 29.Rxf8+ Kxf8
30.b3 Re1+ 31.Bf1 Nc3 32.Kf2 Ra1 33.a4 Ke7 34.Bc4 Kf6 35.Rf4+ Ke5 36.Rf7 Kd4
37.Rxc7 Ne4+ 38.Kf3 Ra2 39.h4 h5 40.Be2 Nd2+ 41.Kf4 Nxb3 42.b6 Nc5 43.Bb5 Rxg2
44.Kf3  1-0

[Event "Favorite"]
[Site "Hamburg"]
[Date "1980.??.??"]
[Round "3"]
[White "Schussler, Harry"]
[Black "Nemet, Ivan"]
[Result "1/2-1/2"]
[WhiteElo "2420"]
[BlackElo "2460"]

1.d4 Nf6 2.c4 g6 3.Nc3 Bg7 4.e4 d6 5.Nf3 O-O 6.Be2 e5 7.O-O Nbd7 8.Re1 c6
9.Bf1 a5 10.dxe5 dxe5 11.Na4 Qe7 12.Qc2 Nc5 13.Nxc5 Qxc5 14.Be3 Qe7 15.h3 c5
16.Nd2  1/2-1/2

[Event "Favorite"]
[Site "Hamburg"]
[Date "1980.??.??"]
[Round "5"]
[White "Lappoehn, Hardy"]
[Black "Fries Nielsen, Jens Ove"]
[Result "1/2-1/2"]
[WhiteElo "2200"]
[BlackElo "2355"]

1.Nf3 Nf6 2.c4 d6 3.d4 Nbd7 4.Nc3 e5 5.e4 g6 6.Be2 Bg7 7.O-O O-O 8.Re1 c6
9.Bf1 exd4 10.Nxd4 Re8 11.f3 a5 12.Be3 Nc5 13.Qd2 a4 14.b4 axb3 15.axb3 Rxa1
16.Rxa1 Nfd7 17.Rb1 Ne5 18.Be2 Qf6 19.h3 h6 20.f4 Ned7 21.Bf3 Qe7 22.Bf2 Kh7
23.Qc2 Kh8 24.Qd2 Nf6 25.Re1 Qc7 26.b4 Ne6 27.b5 Nxd4 28.Bxd4 c5 29.Bxf6 Bxf6  1/2-1/2

[Event "Favorite"]
[Site "Hamburg"]
[Date "1980.??.??"]
[Round "12"]
[White "Holm Petersen, Sejer"]
[Black "Nemet, Ivan"]
[Result "0-1"]
[WhiteElo "2395"]
[BlackElo "2460"]

1.d4 Nf6 2.c4 d6 3.Nc3 Nbd7 4.e4 e5 5.Nf3 g6 6.Be2 Bg7 7.O-O O-O 8.Re1 c6
9.Bf1 a5 10.Rb1 Re8 11.d5 Nc5 12.b3 Nh5 13.g3 f5 14.Nd2 Nf6 15.f3 Rf8 16.a3 cxd5
17.cxd5 Bd7 18.a4 h5 19.Nc4 Qc7 20.Bg5 Rf7 21.exf5 gxf5 22.Nb5 Bxb5 23.axb5 Nh7
24.b6 Qd7 25.Be3 Re8 26.Bh3 h4 27.Qc2 Na6 28.Rbd1 Kh8 29.Kh1 hxg3 30.hxg3 Rg8
31.Rg1 Rf6 32.Rd2 Nb4 33.Qd1 Qf7 34.f4 Rh6 35.Kg2 e4 36.Bf2 Nf8 37.Ne3 Ng6
38.Kh2 Bc3 39.Ng2 Bxd2 40.Qxd2 Nxd5 41.Bd4+ Kh7 42.Qxa5 Ngxf4 43.Nh4 Nxh3
44.Kxh3 f4 45.g4 f3 46.Qd2 Nf4+ 47.Kg3 Ne2+ 48.Kh2 Rxh4+  0-1

[Event "Hillerod op"]
[Site "Hillerod"]
[Date "1980.??.??"]
[Round "?"]
[White "Jensen, H."]
[Black "Hansen, Soren Bech"]
[Result "1-0"]
[WhiteElo "2200"]
[BlackElo "2200"]

1.d4 Nf6 2.c4 g6 3.Nc3 Bg7 4.e4 d6 5.Nf3 O-O 6.Be2 e5 7.d5 a5 8.Bg5 h6 9.Bxf6 Qxf6
10.Qd2 Bd7 11.h3 Na6 12.Nh2 Qf4 13.Qc2 f5 14.g3 Qg5 15.Nf3 Qf6 16.a3 Nc5
17.Nd2 a4 18.f3 Kh8 19.O-O-O c6 20.Rdf1 f4 21.g4 Qd8 22.h4 Qa5 23.Nd1 cxd5
24.exd5 Be8 25.Nf2 Bf7 26.Nfe4 Nxe4 27.Nxe4 Rfd8 28.Nc3 Bf8 29.Qe4 Kg7 30.Bd3 Qb6
31.Re1 Rdc8 32.h5 g5 33.Qh7+ Kf6 34.Ne4+ Ke7 35.Qf5 Bxd5 36.Qf6+ Ke8 37.Nxd6+ Kd7
38.Bf5+ Kc7 39.Nb5+  1-0

[Event "Malta ol (Men)"]
[Site "La Valetta"]
[Date "1980.??.??"]
[Round "?"]
[White "Tal, Mihail"]
[Black "Sax, Gyula"]
[Result "1/2-1/2"]
[WhiteElo "2705"]
[BlackElo "2570"]

1.d4 Nf6 2.c4 g6 3.Nc3 Bg7 4.e4 O-O 5.Be2 d6 6.Nf3 e5 7.Be3 Qe7 8.d5 Ng4
9.Bg5 f6 10.Bh4 Qe8 11.h3 Nh6 12.g4 a5 13.g5 fxg5 14.Bxg5 Na6 15.Qd2 Nf7
16.Be3 Nc5 17.O-O-O c6 18.Kb1 cxd5 19.cxd5 Bd7 20.Bxc5 dxc5 21.d6 Rd8 22.Qe3 b6
23.Nd5 Nxd6 24.Nxb6 Be6 25.Ka1 Qc6 26.Nd5 Nf5 27.Qg5 Bxd5 28.Rxd5 Rxd5 29.Bc4 Kh8
30.Bxd5 Qb6 31.Qg2  1/2-1/2